000 00694nas a2200253 4500
001 BR9205563
003 BR-BrBNA
005 20231205092848.0
007 ta
008 230509b bl.|||p| |||| 00| 00por d
040 _aBR-BrBNA
_bpor
_cBiblioteca Nacional de Agricultura
041 _a(Pt)
072 _aL01
100 1 _aAnon.
245 1 _aMuitas queixas, e esperanca de um periodo melhor
650 _aREBANHO
650 _aCARNE
650 _aVETERINARIA
650 _aEXPORTACAO
650 _aPRATICO
773 0 _tDirigente Rural (Brazil)
_xISSN 0012-3374
_g(Mar-Apr 1991), v. 30(3-4) p. 14-15
_wBR9205563
909 _a202311
_bLúcia
_c55
_dLúcia Elande
942 _2AGRIS
_n0
_cANA
999 _c134720
_d134720